[Event "Online Olym Top DivA 2020"]
[Site "chess.com INT"]
[Date "2020.08.22"]
[Round "6.2"]
[Board "3"]
[White "Khademalsharieh, Sarasadat"]
[Black "Abdusattorova, Bakhora"]
[Result "1-0"]
[WhiteTitle "IM"]
[BlackTitle "WIM"]
[WhiteElo "2494"]
[BlackElo "2094"]
[WhiteTeam "Iran"]
[BlackTeam "Uzbekistan"]
[WhiteFideId "12512214"]
[BlackFideId "14204126"]
[EventDate "2020.08.21"]
[EventType "team"]

1. Nf3 d5 2. e3 Nf6 3. c4 e6 4. b3 c5 5. Bb2 Nc6 6. cxd5 Nxd5 7. Be2 Be7 8. Nc3
O-O 9. Qb1 Ncb4 10. O-O b6 11. Rd1 Bb7 12. a3 Na6 13. d4 cxd4 14. Nxd5 Qxd5 15.
Rxd4 Qc6 16. Rg4 f6 17. Bd3 h6 18. Bh7+ Kh8 19. Qg6 Rg8 20. Bxg8 Rxg8 21. Ne5 1-0

[Event "Online Olym Top DivA 2020"]
[Site "chess.com INT"]
[Date "2020.08.22"]
[Round "6.2"]
[Board "4"]
[White "Kurbonboeva, Sarvinoz"]
[Black "Alinasab, Mobina"]
[Result "1-0"]
[WhiteTitle "WGM"]
[BlackTitle "WIM"]
[WhiteElo "2234"]
[BlackElo "2317"]
[WhiteTeam "Uzbekistan"]
[BlackTeam "Iran"]
[WhiteFideId "14201780"]
[BlackFideId "12528897"]
[EventDate "2020.08.21"]
[EventType "team"]

1. d4 Nf6 2. c4 e6 3. Nf3 a6 4. Nc3 d5 5. cxd5 exd5 6. Bg5 Be6 7. e3 Nbd7 8. Bd3
Bd6 9. O-O c6 10. Bf4 Qc7 11. Bxd6 Qxd6 12. h3 O-O 13. Rb1 a5 14. Qc2 h6 15. Nh4
Rfe8 16. Rbe1 b5 17. f4 Nb6 18. Nf3 b4 19. Nb1 Rac8 20. Rc1 Ne4 21. Nbd2 Nxd2
22. Nxd2 a4 23. Qc5 Qxc5 24. Rxc5 Bd7 25. Kf2 Ra8 26. Nf3 f6 27. Rfc1 Nc8 28.
Nd2 Nd6 29. g4 Kf7 30. Re1 Re7 31. f5 a3 32. b3 h5 33. Kf3 Nb7 34. Rc2 hxg4+ 35.
hxg4 Rh8 36. Kg3 Ke8 37. Nf3 Kd8 38. Nh4 Rh6 39. Ng6 Re8 40. e4 dxe4 41. Rxe4
Nd6 42. Rxe8+ Bxe8 43. Nf4 Rh1 44. Ne6+ Kd7 45. Nxg7 Rd1 46. Be2 Rxd4 47. Bf3 c5
48. Ne6 Nb5 49. Nxd4 Nxd4 50. Rxc5 Ke7 51. Rc4 Nb5 52. Rxb4 Nc3 53. Rb7+ Kd6 54.
Ra7 Nxa2 55. Rxa3 Nb4 56. Ra8 Bd7 57. Rb8 Nc2 58. Kf4 Nd4 59. Rb6+ Ke7 60. Bd5
Nb5 61. Bc6 Nc3 62. Rb7 1-0

[Event "Online Olym Top DivA 2020"]
[Site "chess.com INT"]
[Date "2020.08.22"]
[Round "6.2"]
[Board "5"]
[White "Tabatabaei, M.amin"]
[Black "Sindarov, Javokhir"]
[Result "1-0"]
[WhiteTitle "GM"]
[BlackTitle "GM"]
[WhiteElo "2629"]
[BlackElo "2557"]
[WhiteTeam "Iran"]
[BlackTeam "Uzbekistan"]
[WhiteFideId "12521213"]
[BlackFideId "14205483"]
[EventDate "2020.08.21"]
[EventType "team"]

1. d4 Nf6 2. c4 c5 3. d5 b5 4. cxb5 a6 5. bxa6 g6 6. Nc3 Bxa6 7. Nf3 d6 8. e4
Bxf1 9. Kxf1 Nbd7 10. g3 Bg7 11. Kg2 O-O 12. h3 Qb6 13. Re1 Ne8 14. a4 Nc7 15.
Ra3 Rfb8 16. Qc2 Qa6 17. Bg5 h6 18. Bxe7 Re8 19. Nb5 Nxb5 20. axb5 Qb6 21. Rxa8
Rxa8 22. Nd2 Qxb5 23. Bxd6 Ra2 24. Nc4 Bd4 25. e5 Qb7 26. e6 Qxd5+ 27. Kh2 Nb6
28. Nxb6 Qxd6 29. e7 Qxb6 30. e8=Q+ Kg7 31. Re7 Qf6 32. Rxf7+ 1-0

[Event "Online Olym Top DivA 2020"]
[Site "chess.com INT"]
[Date "2020.08.22"]
[Round "6.3"]
[Board "1"]
[White "Bilguun, Sumiya"]
[Black "Vidit, Santosh Gujrathi"]
[Result "1-0"]
[WhiteTitle "GM"]
[BlackTitle "GM"]
[WhiteElo "2454"]
[BlackElo "2726"]
[WhiteTeam "Mongolia"]
[BlackTeam "India"]
[WhiteFideId "4901541"]
[BlackFideId "5029465"]
[EventDate "2020.08.21"]
[EventType "team"]

1. e4 e5 2. Nf3 Nc6 3. Bc4 Nf6 4. d3 Bc5 5. O-O O-O 6. c3 d5 7. exd5 Nxd5 8. Re1
Bg4 9. Nbd2 Nb6 10. Bb5 Bd6 11. h3 Bh5 12. Ne4 f5 13. Ng3 Bxf3 14. Qxf3 Qd7 15.
Bd2 a6 16. Bxc6 bxc6 17. Rad1 Rae8 18. Bc1 a5 19. Nf1 a4 20. Ne3 Kh8 21. h4 c5
22. Nd5 Qc6 23. Nxb6 Qxf3 24. gxf3 cxb6 25. b3 Kg8 26. Re2 Kf7 27. Kg2 Re7 28.
Rde1 Ra8 29. c4 g6 30. Bb2 axb3 31. axb3 Ra2 32. Bc3 Rxe2 33. Rxe2 Rd7 34. Bxe5
Bxe5 35. Rxe5 Rxd3 36. Re3 Rd4 37. Kh3 Kf6 38. Re8 Rd3 39. Re3 Rd8 40. Kg3 h6
41. f4 Rd1 42. f3 Rd2 43. Kh3 Kf7 44. Kg3 Rd4 45. Rc3 Ke6 46. Rc1 Rd3 47. Rb1
Rc3 48. Rb2 Kf6 49. Rb1 g5 50. fxg5+ hxg5 51. hxg5+ Kxg5 52. b4 Rxc4 53. bxc5
bxc5 54. Rb8 f4+ 55. Kh3 Rd4 56. Rg8+ 1-0

[Event "Online Olym Top DivA 2020"]
[Site "chess.com INT"]
[Date "2020.08.22"]
[Round "6.3"]
[Board "2"]
[White "Aravindh, Chithambaram VR."]
[Black "Munkhgal, Gombosuren"]
[Result "1-0"]
[WhiteTitle "GM"]
[BlackTitle "GM"]
[WhiteElo "2641"]
[BlackElo "2501"]
[WhiteTeam "India"]
[BlackTeam "Mongolia"]
[WhiteFideId "5072786"]
[BlackFideId "4901266"]
[EventDate "2020.08.21"]
[EventType "team"]

1. d4 Nf6 2. c4 e6 3. Nf3 d5 4. Nc3 Bb4 5. Qb3 c5 6. dxc5 Nc6 7. Bg5 h6 8. Bxf6
Qxf6 9. e3 O-O 10. cxd5 exd5 11. Bb5 d4 12. Bxc6 dxc3 13. Qxb4 cxb2 14. Rb1 bxc6
15. O-O Ba6 16. Rfe1 Rab8 17. Qa3 Bc4 18. Nd4 Rfe8 19. h3 Qg5 20. Rxb2 Bd5 21.
g3 Rxb2 22. Qxb2 Qe5 23. Kh2 h5 24. h4 g5 25. hxg5 Qxg5 26. Qe2 Re4 27. f3 Re8
28. Qf2 Qe5 29. e4 a5 30. f4 Qe7 31. Nf5 Qe6 32. Nd6 Re7 33. Nf5 Rb7 34. Nd4 Qg4
35. exd5 1-0

[Event "Online Olym Top DivA 2020"]
[Site "chess.com INT"]
[Date "2020.08.22"]
[Round "6.3"]
[Board "3"]
[White "Munguntuul, Batkhuyag"]
[Black "Koneru, Humpy"]
[Result "1-0"]
[WhiteTitle "IM"]
[BlackTitle "GM"]
[WhiteElo "2428"]
[BlackElo "2586"]
[WhiteTeam "Mongolia"]
[BlackTeam "India"]
[WhiteFideId "4900758"]
[BlackFideId "5008123"]
[EventDate "2020.08.21"]
[EventType "team"]

1. e4 e5 2. Nf3 Nc6 3. Bb5 a6 4. Ba4 Nf6 5. d3 b5 6. Bb3 Bc5 7. Nc3 h6 8. Nd5 d6
9. c3 Be6 10. O-O Bxd5 11. exd5 Ne7 12. d4 exd4 13. Nxd4 Qd7 14. Re1 O-O 15. Qf3
Bxd4 16. cxd4 Nf5 17. Rd1 Rfe8 18. h3 Re4 19. Be3 Rae8 20. Rd3 Nh4 21. Qd1 Qf5
22. Rc3 Nxd5 23. Bxd5 Qxd5 24. Qb3 Qf5 25. Qd1 R8e6 26. Qf1 Rg6 27. g3 Nf3+ 28.
Kh1 Nxd4 29. Rxc7 Qd5 30. Qg2 Nf5 31. Rc8+ Kh7 32. Re8 Re5 33. Qxd5 1-0

[Event "Online Olym Top DivA 2020"]
[Site "chess.com INT"]
[Date "2020.08.22"]
[Round "6.3"]
[Board "4"]
[White "Vaishali, R"]
[Black "Batchimeg, Tuvshintugs"]
[Result "0-1"]
[WhiteTitle "WGM"]
[BlackTitle "IM"]
[WhiteElo "2393"]
[BlackElo "2356"]
[WhiteTeam "India"]
[BlackTeam "Mongolia"]
[WhiteFideId "5091756"]
[BlackFideId "4900839"]
[EventDate "2020.08.21"]
[EventType "team"]

1. e4 d5 2. exd5 Qxd5 3. Nc3 Qa5 4. d4 Nf6 5. Nf3 c6 6. Bc4 Bf5 7. Bd2 e6 8. Nd5
Qd8 9. Nxf6+ Qxf6 10. Qe2 Bg4 11. O-O-O Bd6 12. d5 Bxf3 13. gxf3 Be5 14. dxe6
fxe6 15. Kb1 Nd7 16. h4 h6 17. Bg5 Qf5 18. Bd3 Qf7 19. h5 O-O 20. f4 hxg5 21.
fxe5 Nc5 22. Bg6 Qxf2 23. Qg4 Qf4 24. Qh3 g4 25. Qc3 Ne4 26. Qb3 Nc5 27. Qc3 Ne4
28. Qb3 Nc5 29. Qa3 b6 30. h6 gxh6 31. Bh5 g3 32. Rhg1 Kh8 33. Rxg3 Rad8 34. Re1
Qxe5 35. Reg1 Qxh5 36. Qc3+ e5 37. b3 Ne4 38. Qxc6 Nxg3 39. Rxg3 Qd1+ 40. Kb2
Qd4+ 41. Ka3 Qd6+ 0-1

[Event "Online Olym Top DivA 2020"]
[Site "chess.com INT"]
[Date "2020.08.22"]
[Round "6.3"]
[Board "5"]
[White "Batsuren, Dambasuren"]
[Black "Praggnanandhaa, R"]
[Result "0-1"]
[WhiteTitle "IM"]
[BlackTitle "GM"]
[WhiteElo "2481"]
[BlackElo "2608"]
[WhiteTeam "Mongolia"]
[BlackTeam "India"]
[WhiteFideId "4902920"]
[BlackFideId "25059530"]
[EventDate "2020.08.21"]
[EventType "team"]

1. d4 Nf6 2. c4 e6 3. Nf3 d5 4. Nc3 a6 5. cxd5 exd5 6. Bg5 Be6 7. Bxf6 Qxf6 8.
Qb3 Ra7 9. g3 Qd8 10. h4 c6 11. Bh3 Bxh3 12. Rxh3 Be7 13. O-O-O Nd7 14. g4 a5
15. e4 a4 16. Qc2 a3 17. b3 dxe4 18. Nxe4 Ra5 19. g5 Qc7 20. h5 O-O 21. Kb1 Qf4
22. Rg1 Rd5 23. Nc3 Ra5 24. Ne4 Rd5 25. Re1 Bb4 26. Re3 c5 27. g6 cxd4 28. gxf7+
Qxf7 29. Nfg5 Qf5 30. Ref3 Qe5 31. Rxf8+ Nxf8 32. Qc4 Be7 33. f4 Qf5 34. Rd3 b5
35. Qc2 Bxg5 36. Nxg5 Rc5 37. Qe2 Qxf4 38. Qd2 Qxd2 39. Rxd2 Rxg5 0-1

[Event "Online Olym Top DivA 2020"]
[Site "chess.com INT"]
[Date "2020.08.22"]
[Round "6.3"]
[Board "6"]
[White "Divya, Deshmukh"]
[Black "Munkhzul, Davaakhuu"]
[Result "1-0"]
[WhiteTitle "WIM"]
[BlackTitle "WFM"]
[WhiteElo "2305"]
[BlackElo "1991"]
[WhiteTeam "India"]
[BlackTeam "Mongolia"]
[WhiteFideId "35006916"]
[BlackFideId "4902815"]
[EventDate "2020.08.21"]
[EventType "team"]

1. e4 e5 2. Nc3 Nc6 3. Bc4 g6 4. d3 Bg7 5. h4 Nf6 6. h5 Nxh5 7. Rxh5 gxh5 8.
Qxh5 O-O 9. Bg5 Bf6 10. Nh3 Nb4 11. Qh4 Nxc2+ 12. Kd2 Nxa1 13. Bxf6 Qxf6 14.
Qxf6 d6 15. Nd5 1-0

[Event "Online Olym Top DivA 2020"]
[Site "chess.com INT"]
[Date "2020.08.22"]
[Round "6.4"]
[Board "1"]
[White "Pantsulaia, Levan"]
[Black "Chigodo, Mukai Cyril"]
[Result "1-0"]
[WhiteTitle "GM"]
[WhiteElo "2553"]
[BlackElo "1953"]
[WhiteTeam "Georgia"]
[BlackTeam "Zimbabwe"]
[WhiteFideId "13602071"]
[BlackFideId "11005068"]
[EventDate "2020.08.21"]
[EventType "team"]

1. Nf3 d5 2. g3 Nf6 3. Bg2 e6 4. O-O Be7 5. d3 O-O 6. Nbd2 c5 7. e4 Nc6 8. Re1
dxe4 9. dxe4 e5 10. c3 Bg4 11. h3 Bh5 12. Qc2 Qc7 13. a4 a6 14. Nc4 b5 15. Ne3
Bg6 16. Nh4 Rfd8 17. Nxg6 hxg6 18. Nd5 Qb7 19. Be3 Bf8 20. Red1 Rac8 21. axb5
axb5 22. Bg5 Rd6 23. Nxf6+ gxf6 24. Rxd6 Bxd6 25. Bxf6 Be7 26. Bxe7 Qxe7 27. Qd3
b4 28. Qd5 Nb8 29. Ra5 bxc3 30. bxc3 Qc7 31. Rb5 Qd7 32. Rxb8 Qe8 33. Rxc8 Qxc8
34. Bf1 Qc7 35. h4 Kg7 36. Bc4 Qe7 37. Qxf7+ Qxf7 38. Bxf7 Kxf7 39. f4 Ke6 40.
Kf2 1-0

[Event "Online Olym Top DivA 2020"]
[Site "chess.com INT"]
[Date "2020.08.22"]
[Round "6.4"]
[Board "2"]
[White "Mapuranga, Vitalis"]
[Black "Quparadze, Giga"]
[Result "0-1"]
[BlackTitle "GM"]
[WhiteElo "2031"]
[BlackElo "2463"]
[WhiteTeam "Zimbabwe"]
[BlackTeam "Georgia"]
[WhiteFideId "11004380"]
[BlackFideId "13602250"]
[EventDate "2020.08.21"]
[EventType "team"]

1. d4 Nf6 2. Bf4 b6 3. e3 Bb7 4. Nf3 g6 5. h3 Bg7 6. Bd3 O-O 7. O-O d6 8. Nbd2
Nbd7 9. e4 Re8 10. e5 Nd5 11. Bg3 dxe5 12. dxe5 Nc5 13. Bc4 Ne6 14. Re1 Qd7 15.
a4 a6 16. c3 Rad8 17. Qc2 Qc6 18. Bf1 Nb4 19. Qb1 Nd5 20. Qc2 Bh6 21. Rad1 Ndf4
22. Ne4 Rxd1 23. Qxd1 Rd8 24. Qc2 Nd5 25. b3 b5 26. axb5 axb5 27. Qb2 b4 28. c4
Nb6 29. Qc2 Nd7 30. Bh4 Ndc5 31. Nxc5 Qxc5 32. Be2 Nd4 33. Nxd4 Rxd4 34. Bg3 Rd2
35. Qb1 Qd4 36. Rd1 Be4 37. Rxd2 Bxd2 38. Qd1 Qc3 39. Bf3 Bc2 40. Qe2 Bxb3 41.
e6 Bxc4 42. exf7+ Kxf7 43. Qe4 b3 44. Be5 Qc2 45. Qc6 Qc1+ 46. Kh2 Bf4+ 47. Bxf4
Qxf4+ 48. g3 Qd4 49. Be4 Qxf2+ 50. Bg2 Be6 51. Qxc7 b2 52. Qb7 Ba2 0-1

[Event "Online Olym Top DivA 2020"]
[Site "chess.com INT"]
[Date "2020.08.22"]
[Round "6.4"]
[Board "3"]
[White "Arabidze, Meri"]
[Black "Charinda, Kudzanayi"]
[Result "1-0"]
[WhiteTitle "IM"]
[BlackTitle "WCM"]
[WhiteElo "2428"]
[BlackElo "1710"]
[WhiteTeam "Georgia"]
[BlackTeam "Zimbabwe"]
[WhiteFideId "13604040"]
[BlackFideId "11000538"]
[EventDate "2020.08.21"]
[EventType "team"]

1. d4 Nf6 2. c4 e6 3. Nf3 Bb4+ 4. Bd2 Bxd2+ 5. Qxd2 d5 6. Nc3 O-O 7. e3 b6 8.
cxd5 Nxd5 9. Bd3 h6 10. Nxd5 Qxd5 11. e4 Qd8 12. Rc1 Bb7 13. O-O Nc6 14. Qc3 Rc8
15. Rfd1 Qe7 16. a3 Qf6 17. b4 Rfd8 18. e5 Qe7 19. Be4 Na5 20. Bxb7 Nxb7 21. Qc6
Rb8 22. Qxc7 Qxc7 23. Rxc7 Rdc8 24. Rdc1 Rxc7 25. Rxc7 a5 26. g3 axb4 27. axb4
Nd8 28. Nd2 f6 29. exf6 gxf6 30. Ne4 f5 31. Nf6+ 1-0

[Event "Online Olym Top DivA 2020"]
[Site "chess.com INT"]
[Date "2020.08.22"]
[Round "6.4"]
[Board "4"]
[White "Makwena, Christine"]
[Black "Batsiashvili, Nino"]
[Result "0-1"]
[BlackTitle "GM"]
[WhiteElo "1653"]
[BlackElo "2457"]
[WhiteTeam "Zimbabwe"]
[BlackTeam "Georgia"]
[WhiteFideId "11003391"]
[BlackFideId "13602993"]
[EventDate "2020.08.21"]
[EventType "team"]

1. d4 Nf6 2. Bg5 g6 3. Bxf6 exf6 4. e3 Bg7 5. Bd3 O-O 6. Nf3 f5 7. O-O d5 8. c4
dxc4 9. Bxc4 Nd7 10. Nc3 Nf6 11. Qc2 c6 12. Rfd1 Qe7 13. Rac1 Be6 14. Bd3 Rad8
15. Na4 Rfe8 16. Nc5 Bd5 17. Nd2 Ne4 18. Ndxe4 fxe4 19. Bc4 h5 20. Bxd5 Rxd5 21.
Qb3 Rb8 22. Na4 h4 23. Nc3 Rdd8 24. Qc2 Re8 25. Ne2 h3 26. g3 Qd7 27. Nc3 Qf5
28. Qe2 Rbd8 29. Na4 Bf8 30. Nc5 Re7 31. Rc2 Rd5 32. Rdc1 Rc7 33. a3 Re7 34. b4
a6 35. Na4 Re8 36. Nc5 Rb8 37. Rc3 Bxc5 38. Rxc5 Rbd8 39. R1c3 Kg7 40. Rc2 a5
41. Qf1 axb4 42. axb4 Ra8 43. Rb2 g5 44. Rxd5 cxd5 45. Rc2 Qf3 46. Rc1 g4 47.
Rb1 b5 48. Rc1 Ra2 49. Rb1 Rc2 50. Ra1 Rb2 51. Rc1 Rxb4 52. Ra1 Rb2 53. Rc1 b4
54. Ra1 b3 55. Rc1 Rc2 56. Rb1 b2 0-1

[Event "Online Olym Top DivA 2020"]
[Site "chess.com INT"]
[Date "2020.08.22"]
[Round "6.4"]
[Board "5"]
[White "Petriashvili, Nikoloz"]
[Black "Hamandishe, Farai"]
[Result "1/2-1/2"]
[WhiteTitle "IM"]
[WhiteElo "2423"]
[BlackElo "1743"]
[WhiteTeam "Georgia"]
[BlackTeam "Zimbabwe"]
[WhiteFideId "13611216"]
[BlackFideId "11003871"]
[EventDate "2020.08.21"]
[EventType "team"]

1. d4 Nf6 2. c4 e6 3. Nf3 d5 4. Nc3 Bb4 5. Bg5 h6 6. Bxf6 Qxf6 7. Qb3 Nc6 8. e3
dxc4 9. Bxc4 O-O 10. O-O Bxc3 11. Qxc3 Ne7 12. Bb3 c6 13. e4 Ng6 14. e5 Qe7 15.
Bc2 Nf4 16. Rfe1 b6 17. h4 Bb7 18. Qe3 Nd5 19. Qe4 g6 20. h5 c5 21. hxg6 Nb4 22.
Qe2 Bxf3 23. gxf3 fxg6 24. Be4 Qg5+ 25. Kf1 Rad8 26. Qc4 Nd5 27. Red1 Nf4 28.
dxc5 1/2-1/2

[Event "Online Olym Top DivA 2020"]
[Site "chess.com INT"]
[Date "2020.08.22"]
[Round "6.4"]
[Board "6"]
[White "Mudodo, Refiloe Hazel"]
[Black "Lomaia, Diana"]
[Result "0-1"]
[WhiteTitle "WCM"]
[BlackTitle "WCM"]
[WhiteElo "1543"]
[BlackElo "1999"]
[WhiteTeam "Zimbabwe"]
[BlackTeam "Georgia"]
[WhiteFideId "11000821"]
[BlackFideId "13612476"]
[EventDate "2020.08.21"]
[EventType "team"]

1. e4 c5 2. Nf3 e6 3. d4 cxd4 4. Nxd4 Nc6 5. c4 Nf6 6. Nc3 d6 7. Be2 Be7 8. O-O
O-O 9. Be3 a6 10. Qd2 Qc7 11. Rac1 Rd8 12. f3 Ne5 13. Kh1 b6 14. Rfd1 Bb7 15. b3
Rac8 16. Bf1 Rd7 17. Qf2 Bd8 18. Rc2 Bc6 19. Rcc1 Qb8 20. Bf4 Ba8 21. Be3 Bc7
22. Rc2 Rcd8 23. Rcd2 d5 24. exd5 exd5 25. Bg5 Ng6 26. Bxf6 gxf6 27. Nf5 Bxh2
28. g3 Qe5 29. Qxh2 Qxf5 30. Qf2 d4 31. Ne4 Qh5+ 32. Kg1 Bxe4 33. fxe4 Qe5 34.
Bg2 Nf8 35. Bh3 Rd6 36. Kf1 Qxe4 37. Be6 Rxe6 38. Kg1 d3 39. Kf1 Qh1+ 40. Qg1
Qf3+ 41. Qf2 Qxf2+ 42. Kxf2 Ng6 43. Kf1 Re3 44. Kf2 Rde8 45. Kf1 Rxg3 46. Rxd3
Rxd3 47. Rxd3 f5 48. Rf3 Re5 49. Rd3 Kg7 50. Rd6 Re6 51. Rd5 Kf6 52. Kf2 Kg5 53.
Kf3 h5 0-1

[Event "Online Olym Top DivA 2020"]
[Site "chess.com INT"]
[Date "2020.08.22"]
[Round "6.5"]
[Board "1"]
[White "Svane, Rasmus"]
[Black "Ding, Liren"]
[Result "1/2-1/2"]
[WhiteTitle "GM"]
[BlackTitle "GM"]
[WhiteElo "2613"]
[BlackElo "2791"]
[WhiteTeam "Germany"]
[BlackTeam "China"]
[WhiteFideId "4657101"]
[BlackFideId "8603677"]
[EventDate "2020.08.21"]
[EventType "team"]

1. Nf3 d5 2. g3 g6 3. Bg2 Bg7 4. d4 Nf6 5. O-O O-O 6. c4 c6 7. Qb3 a5 8. Rd1 a4
9. Qb4 Re8 10. Bf4 Nbd7 11. a3 dxc4 12. Qxc4 e5 13. dxe5 Nxe5 14. Qc1 Nxf3+ 15.
Bxf3 Qb6 16. Be3 Rxe3 17. Qxe3 Qxe3 18. fxe3 Be6 19. Nc3 Nd7 20. Rd2 Kf8 21.
Rad1 Ke7 22. Ne4 Ra5 23. Kf2 h6 24. Rc1 Be5 25. Rd4 f5 26. Nc3 Bxd4 27. exd4 Nb6
28. e3 Bb3 29. Be2 Ra8 30. Nb1 Bd5 31. Bd3 Kd6 32. Nd2 Rf8 33. h4 Nd7 34. Bc4
Nf6 35. Bxd5 cxd5 36. Nf3 Ng4+ 37. Ke2 Ra8 38. Rc5 Re8 39. Rc3 Re7 40. b3 axb3
41. Rxb3 b5 42. Kd2 Kc6 43. Ke2 Ra7 44. Kd2 Ra4 45. Kd3 Rc4 46. Rb1 Kb6 47. Ne5
Nxe5+ 48. dxe5 Re4 49. h5 gxh5 50. Rh1 Rxe5 51. Rxh5 Ka5 52. Rxh6 Re4 53. Rd6
Re5 54. Kd4 Re4+ 55. Kd3 Re5 56. Kd4 Re4+ 57. Kd3 1/2-1/2

[Event "Online Olym Top DivA 2020"]
[Site "chess.com INT"]
[Date "2020.08.22"]
[Round "6.5"]
[Board "4"]
[White "Tan, Zhongyi"]
[Black "Schulze, Lara"]
[Result "1/2-1/2"]
[WhiteTitle "GM"]
[BlackTitle "FM"]
[WhiteElo "2510"]
[BlackElo "2314"]
[WhiteTeam "China"]
[BlackTeam "Germany"]
[WhiteFideId "8603642"]
[BlackFideId "12956830"]
[EventDate "2020.08.21"]
[EventType "team"]

1. d4 Nf6 2. c4 e6 3. Nc3 Bb4 4. f3 c5 5. d5 b5 6. e4 d6 7. Nh3 O-O 8. Nf4 e5 9.
Ne2 bxc4 10. Ng3 Nbd7 11. Be2 Nb6 12. O-O Re8 13. Bd2 Nfd7 14. Nf5 Nf8 15. Ne3
Ng6 16. g3 Ne7 17. Qc2 Rf8 18. Nxc4 f5 19. a3 Bxc3 20. Qxc3 Ba6 21. b3 Nxc4 22.
bxc4 f4 23. Qa5 Qc8 24. Kg2 g5 25. gxf4 gxf4 26. Kh1 Kh8 27. Rg1 Rb8 28. Rab1
Rxb1 29. Rxb1 Rg8 30. Rg1 Rxg1+ 31. Kxg1 Ng6 32. Be1 Qb7 33. Bf1 Kg7 34. Bf2 Qb6
35. Qxb6 axb6 36. Be2 Bc8 37. Be1 Bd7 38. Bd1 Kf6 39. a4 Kg5 40. a5 bxa5 41.
Bxa5 Kf6 42. Bd8+ Kf7 43. Kf1 h6 44. Ke1 Ke8 45. Bc7 Ke7 46. Kd2 Nh4 47. Ke2 Ng2
48. Bb3 Bc8 49. Ba5 Ba6 50. Bd2 Nh4 51. Be1 Ng6 52. Kd3 Bc8 53. Ba4 Bh3 54. Ke2
Bc8 55. Ba5 Bh3 56. Be1 Bc8 57. Bb5 Bd7 58. Kd3 Bh3 59. Ke2 Bd7 60. Kd3 Bh3 61.
Ke2 Bd7 1/2-1/2

[Event "Online Olym Top DivA 2020"]
[Site "chess.com INT"]
[Date "2020.08.23"]
[Round "7.1"]
[Board "2"]
[White "Nguyen, Ngoc Truong Son"]
[Black "Bu, Xiangzhi"]
[Result "1-0"]
[WhiteTitle "GM"]
[BlackTitle "GM"]
[WhiteElo "2641"]
[BlackElo "2705"]
[WhiteTeam "Vietnam"]
[BlackTeam "China"]
[WhiteFideId "12401110"]
[BlackFideId "8601445"]
[EventDate "2020.08.21"]
[EventType "team"]

1. d4 Nf6 2. Nf3 d5 3. Bf4 e6 4. e3 Bd6 5. Bg3 O-O 6. c4 b6 7. Nc3 Bb7 8. Be2
Nbd7 9. O-O Bxg3 10. hxg3 c5 11. cxd5 Nxd5 12. Rc1 Nxc3 13. Rxc3 Qe7 14. Qc2 a5
15. Rd1 Rac8 16. Qa4 h6 17. Rdc1 cxd4 18. Rxc8 Rxc8 19. Rxc8+ Bxc8 20. Nxd4 Qc5
21. Qc6 Qxc6 22. Nxc6 Kf8 23. Bb5 Nc5 24. Ne5 Bb7 25. a3 Bc8 26. a4 Ke7 27. Nc4
Bd7 28. Nxb6 Bxb5 29. axb5 Nd3 30. Na4 Kd6 31. Kf1 Nc5 32. Nb6 Nd3 33. Nc4+ Kc5
34. b6 Kc6 35. Ke2 Nc5 36. Nxa5+ Kxb6 37. Nc4+ Kc7 38. f3 f6 39. Kd2 Kc6 40. b4
Na6 41. Kc3 Nc7 42. e4 h5 43. Na3 Ne8 44. Nc2 e5 45. Ne3 g6 46. Nd5 Kd6 47. b5
f5 48. b6 Kc6 49. exf5 gxf5 50. Ne7+ Kxb6 51. Nxf5 Kc5 52. Kd3 Kd5 53. Ne3+ Ke6
54. Ke2 Nf6 55. Kf1 Nd7 56. Kg1 Nf8 57. Kh2 Ng6 58. Kh3 Kf6 59. g4 Kg5 60. gxh5
Nf4+ 61. Kg3 Nxh5+ 62. Kf2 e4 63. fxe4 Kf4 64. Nf1 Nf6 65. Nd2 Ng4+ 66. Ke2 Kg3
67. Nf1+ Kf4 68. Nd2 Kg3 69. Nc4 Nf6 70. e5 Nd5 71. Kd3 Nc7 72. Ne3 Kf4 73. Kd4
Ne6+ 74. Kd5 Nc7+ 75. Kd6 Nb5+ 76. Kc5 Na7 77. e6 Nc8 78. Nd5+ Ke5 79. e7 Nd6
80. Nf6 Ke6 81. e8=Q+ Nxe8 82. Nxe8 Kf5 83. Nd6+ Kf4 84. Nc4 Kg3 85. Ne3 1-0

[Event "Online Olym Top DivA 2020"]
[Site "chess.com INT"]
[Date "2020.08.23"]
[Round "7.1"]
[Board "3"]
[White "Hou, Yifan"]
[Black "Pham, Le Thao Nguyen"]
[Result "1-0"]
[WhiteTitle "GM"]
[BlackTitle "IM"]
[WhiteElo "2658"]
[BlackElo "2366"]
[WhiteTeam "China"]
[BlackTeam "Vietnam"]
[WhiteFideId "8602980"]
[BlackFideId "12401226"]
[EventDate "2020.08.21"]
[EventType "team"]

1. e4 c6 2. d4 d5 3. exd5 cxd5 4. Bd3 Nc6 5. c3 Nf6 6. Bf4 g6 7. Nf3 Bg7 8. Nbd2
Bd7 9. h3 Qc8 10. Qb3 O-O 11. O-O Re8 12. Ne5 Bf5 13. Bb5 a6 14. Be2 Be6 15. a4
Nd7 16. Nxd7 Qxd7 17. Rfe1 Rac8 18. a5 h6 19. Bf3 Na7 20. Qd1 Bf5 21. Nb3 Qc6
22. Qd2 Kh7 23. Re3 Be4 24. Bxe4 dxe4 25. Rae1 f5 26. f3 Qb5 27. fxe4 e5 28. c4
Rxc4 29. exf5 gxf5 30. Bxe5 Nc6 31. Bxg7 Rxe3 32. Rxe3 Kxg7 33. Re6 f4 34. Qxf4
Qg5 35. Qc7+ Kf8 36. Qd6+ Kf7 37. Qd7+ Ne7 38. Re4 Rc2 39. Qe6+ Kf8 40. Rg4 Rc6
41. Qe4 Qd5 42. Qf4+ Ke8 43. Nc5 Rd6 44. Ne4 Qxd4+ 45. Kh2 Rd8 46. Nf6+ 1-0

[Event "Online Olym Top DivA 2020"]
[Site "chess.com INT"]
[Date "2020.08.23"]
[Round "7.1"]
[Board "4"]
[White "Hoang, Thi Bao Tram"]
[Black "Lei, Tingjie"]
[Result "0-1"]
[WhiteTitle "WGM"]
[BlackTitle "GM"]
[WhiteElo "2288"]
[BlackElo "2505"]
[WhiteTeam "Vietnam"]
[BlackTeam "China"]
[WhiteFideId "12401102"]
[BlackFideId "8605114"]
[EventDate "2020.08.21"]
[EventType "team"]

1. d4 Nf6 2. Nf3 g6 3. g3 Bg7 4. Bg2 d5 5. O-O O-O 6. c3 b6 7. Nbd2 Bb7 8. Ne5
c5 9. Ndf3 Ne4 10. Be3 e6 11. Nd2 Nxd2 12. Qxd2 Qe7 13. Rfd1 Rd8 14. h4 Nc6 15.
Nxc6 Bxc6 16. Bh6 Rac8 17. Bxg7 Kxg7 18. e3 h5 19. Qe2 e5 20. dxe5 Qxe5 21. Rd2
d4 22. cxd4 cxd4 23. Bxc6 Rxc6 24. Rad1 d3 25. Rxd3 Rxd3 26. Qxd3 Qxb2 27. Rd2
Qa1+ 28. Kg2 Rc1 29. Qd5 Rg1+ 30. Kh2 Rf1 31. Kg2 Rc1 32. Qf3 Rh1 33. Qd5 Qg1+
34. Kf3 Rh2 35. Qe5+ Kh7 36. Qf6 Qg2+ 37. Kf4 Qxf2+ 38. Rxf2 Rxf2+ 39. Ke5 Rxf6
40. Kxf6 Kg8 41. e4 b5 42. Ke7 Kg7 43. e5 b4 44. Kd6 g5 45. Kc5 gxh4 46. gxh4
Kg6 47. Kxb4 Kf5 48. Kb5 Kxe5 49. Ka6 f5 50. a4 f4 51. a5 f3 0-1